<?xml version="1.0" encoding="UTF-8"?>
<marc:record xmlns:marc="http://www.loc.gov/MARC21/slim">
   <marc:leader>00000nam a2200000 a 4500</marc:leader>
   <marc:datafield ind1="0" ind2="0" tag="245">
      <marc:subfield code="a">Die Farbe des Horizonts</marc:subfield>
   </marc:datafield>
   <marc:datafield ind1=" " ind2="1" tag="264">
      <marc:subfield code="b">Tobis Home Entertainment</marc:subfield>
      <marc:subfield code="c">2018</marc:subfield>
   </marc:datafield>
   <marc:datafield ind1="1" ind2=" " tag="520">
      <marc:subfield code="a">Tami und Richard dürfen eine Jacht von Tahiti nach San Diego segeln. Unterwegs geraten sie in einen gewaltigen Hurrikan, der nicht nur das Boot zerstört, sondern auch Richard schwer verletzt. Ohne jegliche Möglichkeit, Kontakt zur Außenwelt aufzunehmen, beginnt für Tami ein Wettlauf gegen die Zeit ...</marc:subfield>
   </marc:datafield>
   <marc:datafield ind1="3" ind2=" " tag="024">
      <marc:subfield code="a">4061229093705</marc:subfield>
   </marc:datafield>
</marc:record>
